00571nam a2200181Ia 450000500170000000800410001702000150005808200150007310000200008824500920010825000090020026000300020930000180023965000140025794200060027195200970027799900150037420240520044939.0240331s9999 xx 000 0 und d a0745303641 bCOLa335.4 aCollier, Andrew 0aSocialist reasoning :ban inquiry into the political philosophy of scientific socialism a1 St aLondonbPluto pressc1990 axvi, 184 p ., aPolitical cL 001040708LaWERCLbWERCLcSSCd2024-03-31l0o 335.4 COLp1100r2024-03-31w2024-03-31yL c2774d2774